Statistics for Leaders of...

Click here to take the quiz!

General Stats

  • This quiz has been taken 8 times
  • The average score is 10 of 16

Answer Stats

Country Leader % Correct
GermanyAngela Merkel
100%
RussiaVladimir Putin
100%
CanadaJustin Trudeau
100%
North KoreaKim Jong-un
100%
USADonald Trump
100%
UKTheresa May
88%
JapanShinzo Abe
75%
ChinaXi Jinping
63%
AustraliaMalcolm Turnbull
50%
IsraelBenjamin Netanyahu
38%
South AfricaCyril Ramaphosa
38%
New ZealandJacinda Ardern
38%
SpainMariano Rajoy
38%
South KoreaMoon Jae-in
25%
CubaMiguel Diaz-Canel
25%
BrazilMichel Temer
25%

Score Distribution

Percentile by Number Answered

Percent of People with Each Score

Your Score History

You have not taken this quiz